[Event "II Festival ASDEC A"]
[Site "Messina ITA"]
[Date "2012.08.31"]
[Round "7"]
[White "Carbone, Edoardo"]
[Black "Sileci, Salvatore"]
[WhiteElo "1824"]
[BlackElo "1751"]
[Result "1-0"]
[PlyCount "53"]
[EventDate "2012.08.27"]

1. d4 d5 2. c4 e6 3. Nf3 Nf6 4. e3 dxc4 5. Bxc4 b6 6. Nc3 Bb7 7. O-O Be7 8. Re1
O-O 9. e4 Nbd7 10. h3 h6 11. Bf4 a6 12. a4 c6 13. e5 Nd5 14. Nxd5 cxd5 15. Bd3
Bb4 16. Bd2 Qe7 17. Qe2 Rfc8 18. g4 Bxd2 19. Qxd2 Rc7 20. h4 a5 21. g5 hxg5 22.
hxg5 g6 23. Kg2 Kg7 24. Rh1 Qb4 25. Qf4 Rcc8 26. Rh7+ Kxh7 27. Qxf7+ 1-0

[Event "II Festival ASDEC A"]
[Site "Messina ITA"]
[Date "2012.08.31"]
[Round "7"]
[White "Favaloro, Andrea"]
[Black "Zimmer, Hans-Werner"]
[WhiteElo "1760"]
[BlackElo "1994"]
[Result "0-1"]
[PlyCount "40"]
[EventDate "2012.08.27"]

1. e4 e5 2. Nf3 Nc6 3. Bc4 Nf6 4. d4 exd4 5. e5 d5 6. Bb5 Ne4 7. Nxd4 Bc5 8.
Be3 Bd7 9. Bxc6 bxc6 10. O-O Qe7 11. Re1 O-O 12. f3 Ng5 13. Qd2 Bxd4 14. Bxd4
Ne6 15. Na3 Rab8 16. c4 c5 17. Bf2 d4 18. f4 f5 19. b3 Bc6 20. Qd3 Nxf4 0-1

[Event "II Festival ASDEC A"]
[Site "Messina ITA"]
[Date "2012.08.31"]
[Round "7"]
[White "Gelardi, Davide"]
[Black "Arico', Maurizio"]
[WhiteElo "1755"]
[BlackElo "1843"]
[Result "1-0"]
[PlyCount "51"]
[EventDate "2012.08.27"]

1. Nf3 d5 2. c4 e6 3. d4 a6 4. cxd5 exd5 5. Bf4 Bd6 6. Bxd6 Qxd6 7. Nc3 Nf6 8.
e3 O-O 9. Be2 Nc6 10. O-O Bf5 11. Rc1 Rfe8 12. Ne1 Re7 13. Bf3 Ne4 14. Nd3 Nxc3
15. bxc3 Be4 16. c4 Bxf3 17. Qxf3 dxc4 18. Rxc4 Qa3 19. Qe2 Rd8 20. Qc2 Qa5 21.
Rb1 Qf5 22. Rxb7 Qc8 23. Rb1 Nb8 24. Ne5 Rd5 25. Rxb8 Qxb8 26. Nc6 1-0

[Event "II Festival ASDEC A"]
[Site "Messina ITA"]
[Date "2012.08.31"]
[Round "7"]
[White "Grasso, Gaetano"]
[Black "Gromovs, Sergejs"]
[WhiteElo "2032"]
[BlackElo "2206"]
[Result "0-1"]
[PlyCount "116"]
[EventDate "2012.08.27"]

1. e4 d6 2. d4 Nf6 3. Nc3 g6 4. Nf3 Bg7 5. Be2 O-O 6. a4 c5 7. dxc5 Qa5 8. O-O
Qxc5 9. Be3 Qa5 10. Nd4 Nc6 11. Nb3 Qd8 12. a5 Be6 13. a6 b6 14. f4 Rc8 15. Nd4
Nxd4 16. Bxd4 Bc4 17. Ra4 Bxe2 18. Qxe2 Nd7 19. Nb5 Ra8 20. Bxg7 Kxg7 21. Rd4
Nc5 22. f5 f6 23. b4 Nxa6 24. fxg6 Nc7 25. Nxc7 Qxc7 26. gxh7 Kh8 27. Rf3 a5
28. Rc4 Qd7 29. bxa5 bxa5 30. Ra3 Qb5 31. Qf1 a4 32. Rcxa4 Qxa4 33. Rxa4 Rxa4
34. Qd3 Rf7 35. h3 Rxh7 36. Kh2 Rh5 37. Qe3 Kg7 38. Qg3+ Rg5 39. Qf3 Rc4 40. h4
Re5 41. Qg3+ Kh7 42. Qd3 Rexe4 43. g3 Kg7 44. Kh3 Rcd4 45. Qc3 d5 46. Qc6 Re5
47. Qe8 Rd1 48. Kg2 Rd2+ 49. Kf3 Rh2 50. Qc6 d4 51. Qc7 Kg6 52. Qc6 Kg7 53. Qd7
Re3+ 54. Kf4 Rf2+ 55. Kg4 Rg2 56. h5 Rgxg3+ 57. Kh4 Rg5 58. Qxd4 Re1 0-1

[Event "II Festival ASDEC A"]
[Site "Messina ITA"]
[Date "2012.08.31"]
[Round "7"]
[White "Iannello, Antonio"]
[Black "Marzaduri, Riccardo"]
[WhiteElo "1741"]
[BlackElo "1826"]
[Result "1/2-1/2"]
[PlyCount "31"]
[EventDate "2012.08.27"]

1. e4 c6 2. d4 d5 3. Nc3 dxe4 4. Nxe4 Nf6 5. Nxf6+ gxf6 6. Nf3 Bf5 7. Bd3 Bxd3
8. Qxd3 e6 9. Bf4 Bd6 10. Bxd6 Qxd6 11. O-O-O Nd7 12. Rhe1 O-O-O 13. Kb1 Nb6
14. Qc3 Nd5 15. Qc5 Qxc5 16. dxc5 1/2-1/2

[Event "II Festival ASDEC A"]
[Site "Messina ITA"]
[Date "2012.08.31"]
[Round "7"]
[White "La Piana, Antonino"]
[Black "Vazzana, Antonio"]
[WhiteElo "1700"]
[BlackElo "1711"]
[Result "1-0"]
[PlyCount "95"]
[EventDate "2012.08.27"]

1. e4 c5 2. Nf3 d6 3. d4 cxd4 4. Nxd4 Nf6 5. Nc3 a6 6. Bg5 e6 7. Bd3 Be7 8. O-O
O-O 9. Kh1 b5 10. a3 Qb6 11. Nb3 Bb7 12. Be3 Qc7 13. f4 Nbd7 14. Qe2 Nc5 15.
Nd2 Rac8 16. Rae1 Nxd3 17. cxd3 Rfd8 18. h3 e5 19. Qf2 Rd7 20. f5 d5 21. exd5
Nxd5 22. Nxd5 Rxd5 23. d4 Bf6 24. Nf3 Qc2 25. dxe5 Bxe5 26. Qxc2 Rxc2 27. Bd4
f6 28. Bxe5 fxe5 29. b3 Kf8 30. Rc1 Rdc5 31. Rxc2 Rxc2 32. Re1 e4 33. Ng5 e3
34. Ne6+ Kg8 35. Nd8 Bxg2+ 36. Kg1 Bxh3 37. Rxe3 Kf8 38. Rxh3 h6 39. Rg3 Ra2
40. b4 Ke7 41. Ne6 Kf6 42. Nxg7 h5 43. Rg6+ Ke5 44. Re6+ Kf4 45. f6 Ra1+ 46.
Kf2 Ra2+ 47. Ke1 Rxa3 48. f7 1-0

[Event "II Festival ASDEC A"]
[Site "Messina ITA"]
[Date "2012.08.31"]
[Round "7"]
[White "Napoli Costa, Antonello"]
[Black "Fenocchio, Renato"]
[WhiteElo "1743"]
[BlackElo "1587"]
[Result "1-0"]
[PlyCount "83"]
[EventDate "2012.08.27"]

1. e4 d5 2. exd5 Qxd5 3. Nc3 Qd6 4. d3 Nf6 5. Nf3 Bg4 6. Be2 Nbd7 7. h3 Bh5 8.
O-O e6 9. Be3 a6 10. Nd4 Bxe2 11. Qxe2 O-O-O 12. Ne4 Nxe4 13. dxe4 Be7 14. c4
e5 15. Nf5 Qe6 16. Rfc1 g6 17. Nxe7+ Qxe7 18. c5 c6 19. b4 f5 20. f3 f4 21. Bf2
h5 22. a4 g5 23. b5 Nb8 24. Ra2 Rdg8 25. Qe1 g4 26. Bh4 Qe6 27. Rd2 gxf3 28.
Kh2 fxg2 29. Rxg2 Rxg2+ 30. Kxg2 Qa2+ 31. Kh1 Rg8 32. Bf2 Qxa4 33. b6 Qa3 34.
Rc3 Qa2 35. Rd3 Nd7 36. Rd2 Qe6 37. Kh2 Nxc5 38. Bxc5 Rg3 39. Qf1 h4 40. Bd6
Qg6 41. Bc7 Rxh3+ 42. Qxh3+ 1-0

[Event "II Festival ASDEC A"]
[Site "Messina ITA"]
[Date "2012.08.31"]
[Round "7"]
[White "Quattrone, Andrea"]
[Black "Carbone, Stefano"]
[WhiteElo "1820"]
[BlackElo "2002"]
[Result "0-1"]
[PlyCount "156"]
[EventDate "2012.08.27"]

1. e4 d5 2. exd5 Qxd5 3. Nc3 Qd6 4. d4 Nf6 5. Bd3 c6 6. Nge2 Bg4 7. Be3 e6 8.
O-O Qc7 9. f3 Bh5 10. Ne4 Be7 11. c4 Bg6 12. Rc1 Nbd7 13. Bf4 e5 14. dxe5 Nxe5
15. g4 Nxe4 16. Bxe4 Bxe4 17. Bxe5 Qxe5 18. fxe4 O-O 19. Ng3 Rad8 20. Qc2 Qg5
21. Nf5 Bc5+ 22. Kh1 Qd2 23. Qb3 Qd3 24. Qxd3 Rxd3 25. Rfd1 Rfd8 26. Rxd3 Rxd3
27. Rc2 g6 28. Ng3 Bd6 29. Ne2 Re3 30. Nc3 Bb4 31. Re2 Rd3 32. Na4 b5 33. cxb5
cxb5 34. a3 Bxa3 35. bxa3 bxa4 36. Rb2 Rb3 37. Rc2 Rxa3 38. Rc7 Re3 39. Rxa7
Rxe4 40. h3 Re3 41. Kg2 a3 42. Ra5 h6 43. Ra6 Kg7 44. Ra5 Rb3 45. Ra6 Kf8 46.
Ra7 Kg7 47. Ra6 g5 48. Ra7 Kg6 49. Ra5 f6 50. Ra6 Rc3 51. Ra5 h5 52. Ra6 hxg4
53. hxg4 Kf7 54. Kh2 Ke7 55. Kg2 Rb3 56. Kf2 Rb2+ 57. Kg3 a2 58. Kf3 Kd7 59.
Ke4 Rf2 60. Ke3 Rf4 61. Rxa2 Rxg4 62. Ra6 Rf4 63. Ke2 Ke7 64. Ke3 Kf7 65. Ke2
Kg6 66. Rb6 Kh5 67. Rb1 f5 68. Rh1+ Kg6 69. Rg1 g4 70. Rg3 Kg5 71. Ke3 Ra4 72.
Rg1 f4+ 73. Ke2 Ra3 74. Rh1 g3 75. Rh8 f3+ 76. Kd2 Kg4 77. Rh1 g2 78. Rg1 Kg3
0-1

[Event "II Festival ASDEC A"]
[Site "Messina ITA"]
[Date "2012.08.31"]
[Round "7"]
[White "Russo, Alfio"]
[Black "Cappadona, Salvatore"]
[WhiteElo "1905"]
[BlackElo "2081"]
[Result "0-1"]
[PlyCount "36"]
[EventDate "2012.08.27"]

1. g3 Nc6 2. Bg2 d5 3. c4 d4 4. d3 e5 5. Nf3 Nf6 6. O-O Be7 7. b4 e4 8. dxe4
Bxb4 9. Bb2 Bc5 10. Nbd2 d3 11. e3 O-O 12. Bxf6 Qxf6 13. Nb3 Be7 14. Qxd3 Bg4
15. Nbd2 Rfd8 16. Qe2 Bb4 17. Rad1 Rxd2 18. Rxd2 Bxd2 0-1

[Event "II Festival ASDEC A"]
[Site "Messina ITA"]
[Date "2012.08.31"]
[Round "7"]
[White "Seletsky, Grigory"]
[Black "Rota, Giacomo"]
[WhiteElo "2348"]
[BlackElo "1983"]
[Result "1-0"]
[PlyCount "49"]
[EventDate "2012.08.27"]

1. e4 c6 2. d4 d5 3. Nc3 dxe4 4. Nxe4 Bf5 5. Ng3 Bg6 6. Nf3 Nd7 7. h4 h6 8. h5
Bh7 9. Bd3 Bxd3 10. Qxd3 Qc7 11. Bd2 Ngf6 12. O-O-O O-O-O 13. Qe2 e6 14. Ne5
Nxe5 15. dxe5 Nd5 16. c4 Nb4 17. Kb1 Be7 18. Bc3 Na6 19. Ne4 Nc5 20. Nd6+ Bxd6
21. exd6 Rxd6 22. Bxg7 Rxd1+ 23. Rxd1 Rh7 24. Be5 Qe7 25. Qc2 1-0

[Event "II Festival ASDEC A"]
[Site "Messina ITA"]
[Date "2012.08.31"]
[Round "7"]
[White "Spina, Simonpietro"]
[Black "Colnaghi, Davide"]
[WhiteElo "1730"]
[BlackElo "1690"]
[Result "1/2-1/2"]
[PlyCount "76"]
[EventDate "2012.08.27"]

1. c4 d5 2. cxd5 Nf6 3. Nc3 Nxd5 4. g3 Bg4 5. Bg2 c6 6. Nf3 Nd7 7. Nxd5 cxd5 8.
Qa4 Bxf3 9. Bxf3 e6 10. b3 Bc5 11. Bb2 O-O 12. Qg4 Nf6 13. Qh4 Ne4 14. Qxd8
Rfxd8 15. Bxe4 dxe4 16. Bc3 Rac8 17. O-O Bd4 18. Rfd1 Kf8 19. Bxd4 Rxd4 20.
Rac1 Rxc1 21. Rxc1 Rxd2 22. Rc8+ Ke7 23. Rc7+ Rd7 24. Rc2 Rd1+ 25. Kg2 Kd7 26.
e3 f5 27. h4 g6 28. Kh2 h6 29. Kg2 g5 30. hxg5 hxg5 31. Kh2 Ke7 32. Rc7+ Rd7
33. Rc2 Kf6 34. Kg2 e5 35. Rc4 f4 36. exf4 exf4 37. Rxe4 Kf5 38. Ra4 a6 1/2-1/2

[Event "II Festival ASDEC A"]
[Site "Messina ITA"]
[Date "2012.08.31"]
[Round "7"]
[White "Tricomi, Massimo"]
[Black "Arcidiaco, Francesco"]
[WhiteElo "1837"]
[BlackElo "1652"]
[Result "1-0"]
[PlyCount "81"]
[EventDate "2012.08.27"]

1. b3 e5 2. Bb2 Nc6 3. e3 Be7 4. c4 Nf6 5. Nc3 d6 6. a3 Be6 7. Qc2 Qd7 8. Nf3
Bf5 9. e4 Nd4 10. Nxd4 exd4 11. exf5 dxc3 12. Bxc3 a6 13. Be2 c6 14. O-O O-O
15. Rfe1 Rac8 16. Bf3 d5 17. Qd3 Rfe8 18. g4 h6 19. cxd5 Nxd5 20. Bxd5 cxd5 21.
Re5 Qc7 22. Rxd5 Qf4 23. Rd4 Qg5 24. Qg3 Bc5 25. Rd3 Re4 26. h4 Qxg4 27. Kg2
Rce8 28. b4 Bf8 29. Qxg4 Rxg4+ 30. Kh3 Rf4 31. Rd7 Rxf5 32. Rxb7 Rxf2 33. Rg1
Ree2 34. Rb8 g6 35. Bd4 Rh2+ 36. Kg3 g5 37. Bc5 gxh4+ 38. Kf3+ Kh7 39. Rxf8 h3
40. Rxf7+ Kh8 41. Bd4+ 1-0

[Event "II Festival ASDEC A"]
[Site "Messina ITA"]
[Date "2012.08.31"]
[Round "7"]
[White "Trimarchi, Giuseppe"]
[Black "Pisacane, Pietro"]
[WhiteElo "1853"]
[BlackElo "2036"]
[Result "0-1"]
[PlyCount "84"]
[EventDate "2012.08.27"]

1. Nf3 Nf6 2. g3 g6 3. Bg2 Bg7 4. O-O O-O 5. c4 d6 6. d4 Nbd7 7. Nc3 e5 8. e4
exd4 9. Nxd4 Re8 10. Re1 Nc5 11. h3 a5 12. b3 a4 13. Rb1 axb3 14. axb3 c6 15.
b4 Ne6 16. Nf3 Nd7 17. Qd3 Ne5 18. Nxe5 dxe5 19. Rd1 Qxd3 20. Rxd3 Nd4 21. Bf1
f5 22. f3 Be6 23. Ne2 Bxc4 24. Re3 b5 25. Nc3 f4 26. Bxc4+ bxc4 27. Re2 Nxe2+
28. Nxe2 fxg3 29. Nxg3 Rf8 30. Kf2 Ra2+ 31. Ne2 Bf6 32. Bb2 Bh4+ 33. Ke3 Rd8
34. Bxe5 Rd3+ 35. Kf4 Rxe2 36. Ra1 h5 37. Ra8+ Kf7 38. Bb8 g5+ 39. Ke5 Bg3+ 40.
Kf5 Rxf3+ 41. Kxg5 Bxb8 42. Rxb8 Rxe4 0-1

[Event "II Festival ASDEC A"]
[Site "Messina ITA"]
[Date "2012.08.31"]
[Round "7"]
[White "Velardi, Giovanni"]
[Black "Buda, Elvin"]
[WhiteElo "1826"]
[BlackElo "1842"]
[Result "1-0"]
[PlyCount "85"]
[EventDate "2012.08.27"]

1. d4 f5 2. Bg5 Nf6 3. Bxf6 exf6 4. e3 d6 5. Bd3 Be6 6. Qf3 Qc8 7. Ne2 Nc6 8.
Nf4 Bf7 9. Nc3 Nb4 10. Bb5+ c6 11. Ba4 Bc4 12. a3 Na6 13. Bb3 Bxb3 14. cxb3 g6
15. Rc1 Kf7 16. h4 Qd7 17. d5 Re8 18. O-O Nc5 19. dxc6 bxc6 20. b4 Ne4 21. Rfd1
h5 22. Qe2 Bh6 23. Nxe4 Rxe4 24. Qd3 Bxf4 25. exf4 Rd8 26. g3 d5 27. Rc5 Rde8
28. Qc3 R8e6 29. Rc1 d4 30. Qd3 Qe8 31. Kg2 Kg7 32. Ra5 Qa8 33. Rac5 Qc8 34. b5
Re1 35. Rxe1 Rxe1 36. Qxd4 Rb1 37. Rxc6 Qb7 38. Qxf6+ Kg8 39. Qxg6+ Kh8 40.
Qxh5+ Kg8 41. Qg6+ Kh8 42. Kh2 a6 43. Qh6+ 1-0

[Event "II Festival ASDEC A"]
[Site "Messina ITA"]
[Date "2012.09.01"]
[Round "8"]
[White "Altomonte, Giuseppe"]
[Black "Quattrone, Andrea"]
[WhiteElo "1860"]
[BlackElo "1820"]
[Result "1-0"]
[PlyCount "87"]
[EventDate "2012.08.27"]

1. d4 Nf6 2. c4 c5 3. e3 g6 4. b3 Bg7 5. Bb2 O-O 6. Nf3 d6 7. Nbd2 Na6 8. Bd3
Nb4 9. Bb1 e6 10. a3 Na6 11. h4 b6 12. Ng5 Bb7 13. h5 h6 14. Nge4 Nxe4 15. Bxe4
Bxe4 16. Nxe4 d5 17. Ng3 Qg5 18. O-O Rfd8 19. Qe2 Nc7 20. hxg6 fxg6 21. dxc5
Bxb2 22. Qxb2 bxc5 23. Rfd1 h5 24. Ne2 Ne8 25. Nf4 Ng7 26. Qc2 Kh7 27. cxd5
exd5 28. Qxc5 Rac8 29. Qxa7 Qg4 30. Nxd5 Kh6 31. Qd4 Qe6 32. Qf4+ Kh7 33. Nf6+
Qxf6 34. Qxf6 Rf8 35. Qb2 Nf5 36. Rac1 Rb8 37. Rc7+ Kh6 38. Rdd7 Rbe8 39. Rf7
Rg8 40. f4 Rh8 41. Rxf5 Rhg8 42. Rff7 g5 43. Qf6+ Rg6 44. Rh7# 1-0

[Event "II Festival ASDEC A"]
[Site "Messina ITA"]
[Date "2012.09.01"]
[Round "8"]
[White "Buda, Elvin"]
[Black "Ferrigno, Vincenzo"]
[WhiteElo "1842"]
[BlackElo "1827"]
[Result "0-1"]
[PlyCount "50"]
[EventDate "2012.08.27"]

1. d4 Nf6 2. Nf3 b6 3. e3 Bb7 4. Nbd2 e6 5. Bd3 c5 6. O-O cxd4 7. exd4 Be7 8.
c3 Ba6 9. Ne4 Bxd3 10. Nxf6+ Bxf6 11. Qxd3 d5 12. Re1 O-O 13. Ne5 Nd7 14. Ng4
Rc8 15. Re3 Bg5 16. Rh3 f5 17. Bxg5 Qxg5 18. Ne3 Nf6 19. f3 Nh5 20. g3 Nf4 21.
Qd2 Nxh3+ 22. Kf1 f4 23. Qg2 fxe3 24. Qxh3 Rxf3+ 25. Kg1 Qf5 0-1

[Event "II Festival ASDEC A"]
[Site "Messina ITA"]
[Date "2012.09.01"]
[Round "8"]
[White "Carbone, Stefano"]
[Black "Bonanzinga, Corrado"]
[WhiteElo "2002"]
[BlackElo "2091"]
[Result "1-0"]
[PlyCount "75"]
[EventDate "2012.08.27"]

1. d4 Nf6 2. Nf3 b6 3. g3 Bb7 4. Bg2 e6 5. c4 c5 6. O-O Be7 7. Nc3 cxd4 8. Qxd4
d6 9. Rd1 a6 10. b3 Nbd7 11. Bb2 O-O 12. Rac1 Qb8 13. e4 Ra7 14. Qe3 Rc8 15.
Nd4 Bf8 16. a4 Ng4 17. Qe2 Nge5 18. Rd2 Nc6 19. Nxc6 Bxc6 20. Qd1 Qa8 21. f3
Rac7 22. Bf1 Bb7 23. Ra1 Nf6 24. Ba3 d5 25. Bxf8 Kxf8 26. exd5 exd5 27. Nxd5
Nxd5 28. cxd5 Rd8 29. Bg2 Rxd5 30. Rxd5 Bxd5 31. Qd3 g6 32. Rd1 Rd7 33. f4 Bxg2
34. Qxd7 Qf3 35. Qd3 Qb7 36. Qc3 Bh3 37. Qh8+ Ke7 38. Qe5+ 1-0

[Event "II Festival ASDEC A"]
[Site "Messina ITA"]
[Date "2012.09.01"]
[Round "8"]
[White "Colnaghi, Davide"]
[Black "La Piana, Antonino"]
[WhiteElo "1690"]
[BlackElo "1700"]
[Result "1/2-1/2"]
[PlyCount "89"]
[EventDate "2012.08.27"]

1. e4 e5 2. f4 exf4 3. Bc4 Qh4+ 4. Kf1 Nf6 5. Nf3 Qh5 6. d3 Bc5 7. Nc3 d6 8.
Bxf4 Bg4 9. h3 Nc6 10. Bb5 O-O 11. Bxc6 bxc6 12. Ke2 Bxf3+ 13. gxf3 Qh4 14. Be3
Bxe3 15. Kxe3 Nh5 16. Ne2 f5 17. Qg1 fxe4 18. fxe4 Qf6 19. b3 d5 20. Rf1 Qh6+
21. Kd4 Rxf1 22. Qxf1 Rf8 23. Qc1 Qf6+ 24. Ke3 d4+ 25. Kd2 Qf2 26. Qe1 Qe3+ 27.
Kd1 Rf2 28. Rf1 Rh2 29. Nf4 Qxe1+ 30. Kxe1 Nxf4 31. Rxf4 Rxh3 32. Rf5 h5 33.
Rc5 h4 34. Kf2 Rg3 35. Rxc6 g5 36. Rc4 g4 37. Rxd4 Rf3+ 38. Kg1 h3 39. e5 g3
40. Rh4 g2 41. Rg4+ Kf7 42. d4 Rc3 43. Kh2 Ke6 44. Rg8 Kd5 45. Rg4 1/2-1/2

[Event "II Festival ASDEC A"]
[Site "Messina ITA"]
[Date "2012.09.01"]
[Round "8"]
[White "Fenocchio, Renato"]
[Black "Arcidiaco, Francesco"]
[WhiteElo "1587"]
[BlackElo "1652"]
[Result "1/2-1/2"]
[PlyCount "79"]
[EventDate "2012.08.27"]

1. d4 Nf6 2. Nf3 d5 3. e3 Bf5 4. Nbd2 Nbd7 5. c4 e6 6. cxd5 exd5 7. Qb3 Nb6 8.
Be2 Bd6 9. Ne5 O-O 10. O-O Re8 11. f4 c6 12. g4 Be6 13. Qd1 Bxe5 14. dxe5 Ne4
15. Bd3 f5 16. g5 c5 17. Rf3 c4 18. Be2 d4 19. Rh3 dxe3 20. Rxe3 Nxd2 21. Bxd2
Nd5 22. Rh3 Qb6+ 23. Kf1 Qd4 24. Qe1 Nxf4 25. Qh4 Nxe2 26. Qxh7+ Kf7 27. g6+
Ke7 28. Rd1 Qg1+ 29. Kxe2 Qg2+ 30. Ke3 f4+ 31. Kd4 Qd5+ 32. Kc3 Qxe5+ 33. Kc2
a5 34. Rh4 Rad8 35. Kc1 Rxd2 36. Rxd2 Qe1+ 37. Rd1 Qe3+ 38. Rd2 Qe1+ 39. Rd1
Qe3+ 40. Rd2 1/2-1/2

[Event "II Festival ASDEC A"]
[Site "Messina ITA"]
[Date "2012.09.01"]
[Round "8"]
[White "Gelardi, Davide"]
[Black "Cannella, Carlo"]
[WhiteElo "1755"]
[BlackElo "1950"]
[Result "1/2-1/2"]
[PlyCount "31"]
[EventDate "2012.08.27"]

1. Nf3 Nf6 2. c4 g6 3. Nc3 d5 4. d4 Bg7 5. Bf4 c5 6. dxc5 O-O 7. Nxd5 Nxd5 8.
cxd5 Bxb2 9. Rb1 Qa5+ 10. Bd2 Bc3 11. Rc1 Bxd2+ 12. Qxd2 Qa3 13. e4 Na6 14.
Bxa6 Qxa6 15. Qe2 Qa5+ 16. Qd2 1/2-1/2

[Event "II Festival ASDEC A"]
[Site "Messina ITA"]
[Date "2012.09.01"]
[Round "8"]
[White "Gromovs, Sergejs"]
[Black "Cappadona, Salvatore"]
[WhiteElo "2206"]
[BlackElo "2081"]
[Result "1/2-1/2"]
[PlyCount "23"]
[EventDate "2012.08.27"]

1. d4 d5 2. Nf3 Nc6 3. Bf4 Bg4 4. e3 e6 5. c4 Nf6 6. c5 a6 7. Be2 Bxf3 8. Bxf3
Qd7 9. O-O Be7 10. Nc3 O-O 11. a3 b5 12. Qc2 1/2-1/2

[Event "II Festival ASDEC A"]
[Site "Messina ITA"]
[Date "2012.09.01"]
[Round "8"]
[White "Iannello, Andrea"]
[Black "Spina, Simonpietro"]
[WhiteElo "1776"]
[BlackElo "1730"]
[Result "0-1"]
[PlyCount "86"]
[EventDate "2012.08.27"]

1. e4 d6 2. d4 Nf6 3. Nc3 g6 4. Nf3 Bg7 5. Be3 c6 6. Be2 Bg4 7. O-O O-O 8. h3
Bxf3 9. Bxf3 Nbd7 10. Be2 e5 11. dxe5 dxe5 12. f4 exf4 13. Rxf4 Ne5 14. Bd4
Nfd7 15. Na4 Qc7 16. b3 Rad8 17. c3 b5 18. Nb2 c5 19. Bxe5 Bxe5 20. Rf3 b4 21.
Qc2 bxc3 22. Na4 Bd4+ 23. Kh1 Ne5 24. Rxc3 Bxc3 25. Nxc3 Nc6 26. Nd5 Qe5 27.
Re1 Nb4 28. Qxc5 Nxd5 29. exd5 Rxd5 30. Qxa7 Ra5 31. Qd7 Rxa2 32. Qb5 Re8 33.
Qc6 Rxe2 34. Rxe2 Qxe2 35. b4 Qf1+ 36. Kh2 Qf4+ 37. g3 Re2+ 38. Qg2 Rxg2+ 39.
Kxg2 Qd2+ 40. Kf3 Qxb4 41. g4 Qd4 42. Kg3 Qe3+ 43. Kh4 f6 0-1

[Event "II Festival ASDEC A"]
[Site "Messina ITA"]
[Date "2012.09.01"]
[Round "8"]
[White "Marzaduri, Marco R."]
[Black "Carbone, Edoardo"]
[WhiteElo "1845"]
[BlackElo "1824"]
[Result "1-0"]
[PlyCount "89"]
[EventDate "2012.08.27"]

1. e4 c5 2. d4 cxd4 3. Nf3 e6 4. Nxd4 Nf6 5. Nc3 Bb4 6. e5 Nd5 7. Qg4 g6 8. Bd2
Bxc3 9. bxc3 d6 10. c4 f5 11. Qg3 dxe5 12. Qxe5 Qf6 13. Bf4 O-O 14. cxd5 Qxe5+
15. Bxe5 exd5 16. O-O-O Nc6 17. Nxc6 bxc6 18. f4 Bb7 19. Be2 Rfd8 20. Rhg1 a5
21. g4 Bc8 22. gxf5 Bxf5 23. Bd3 Bxd3 24. cxd3 Kf7 25. d4 Rac8 26. Kd2 c5 27.
dxc5 Rxc5 28. Rc1 Rdc8 29. Rxc5 Rxc5 30. Rc1 Rxc1 31. Kxc1 Ke6 32. Bc7 a4 33.
Kb2 Kd7 34. Ba5 Kc6 35. Kc3 Kb5 36. Bd8 Kc5 37. Be7+ Kc6 38. Kb4 Kd7 39. Bh4
Ke6 40. Kxa4 Kf5 41. Bg3 d4 42. Kb4 h5 43. a4 h4 44. Bxh4 Kxf4 45. a5 1-0

[Event "II Festival ASDEC A"]
[Site "Messina ITA"]
[Date "2012.09.01"]
[Round "8"]
[White "Marzaduri, Riccardo"]
[Black "Russo, Alfio"]
[WhiteElo "1826"]
[BlackElo "1905"]
[Result "1-0"]
[PlyCount "73"]
[EventDate "2012.08.27"]

1. e4 g6 2. d4 Bg7 3. Nc3 d6 4. Be3 Nf6 5. f3 c6 6. Qd2 b5 7. Bd3 h5 8. h4 a5
9. Nce2 Na6 10. a3 Rb8 11. Nf4 e5 12. Nfe2 c5 13. c3 O-O 14. Ng3 cxd4 15. cxd4
exd4 16. Bxd4 Nc5 17. Bc2 Qe7 18. N1e2 b4 19. axb4 axb4 20. Kf2 Re8 21. Ra5 Be6
22. e5 Nfd7 23. Bxc5 dxc5 24. f4 Bg4 25. Ne4 Nxe5 26. fxe5 Bxe5 27. Qg5 Bxe2
28. Kxe2 f5 29. Qxg6+ Qg7 30. Bb3+ Kf8 31. Qxf5+ Bf6 32. Kf3 Rxe4 33. Qxe4 Re8
34. Qf5 Qh6 35. Qf4 Qg6 36. Rd1 Qg7 37. Ra6 1-0

[Event "II Festival ASDEC A"]
[Site "Messina ITA"]
[Date "2012.09.01"]
[Round "8"]
[White "Mazzaglia, Antonino"]
[Black "Napoli Costa, Antonello"]
[WhiteElo "1436"]
[BlackElo "1743"]
[Result "0-1"]
[PlyCount "120"]
[EventDate "2012.08.27"]

1. d4 d5 2. Nc3 Nf6 3. g3 e6 4. Bg2 c5 5. Bg5 h6 6. Bxf6 Qxf6 7. e3 cxd4 8.
exd4 Bb4 9. Nge2 Nc6 10. O-O Bxc3 11. bxc3 O-O 12. Re1 Bd7 13. Nf4 Rfe8 14. Nd3
b6 15. Ne5 Nxe5 16. dxe5 Qe7 17. c4 Rad8 18. cxd5 exd5 19. Qxd5 Bh3 20. Qe4
Bxg2 21. Kxg2 Rd2 22. Rac1 Qc5 23. Qe3 Qxe3 24. Rxe3 Rc8 25. Kf3 Rcxc2 26. Rxc2
Rxc2 27. Re2 Rc4 28. Ke3 Kf8 29. Kd3 Rc5 30. f4 Ke7 31. Re4 Ke6 32. Rc4 Rd5+
33. Ke3 b5 34. Rc6+ Ke7 35. Ra6 Rd7 36. Ra5 Rb7 37. a3 Kd7 38. Kd4 Kc7 39. Kc5
Kd7 40. Rxb5 Rc7+ 41. Kb4 Ke6 42. Ka5 Kf5 43. Rb2 g5 44. Rf2 gxf4 45. gxf4 Rc4
46. Kb5 Rxf4 47. Re2 Re4 48. Rf2+ Kg6 49. a4 Rxe5+ 50. Ka6 Re7 51. a5 f5 52.
Rb2 f4 53. Rf2 Kf5 54. h3 Kg5 55. Rg2+ Kf5 56. h4 f3 57. Rg8 Ke4 58. Rf8 Ke3
59. Rf6 f2 60. h5 Ke2 0-1

[Event "II Festival ASDEC A"]
[Site "Messina ITA"]
[Date "2012.09.01"]
[Round "8"]
[White "Pisacane, Pietro"]
[Black "Iannello, Antonio"]
[WhiteElo "2036"]
[BlackElo "1741"]
[Result "1-0"]
[PlyCount "57"]
[EventDate "2012.08.27"]

1. d4 Nf6 2. c4 g6 3. Nc3 Bg7 4. e4 d6 5. Nf3 O-O 6. Be2 e5 7. dxe5 dxe5 8.
Qxd8 Rxd8 9. Bg5 Re8 10. Nd5 Nxd5 11. cxd5 f5 12. Nd2 h6 13. Be3 Nd7 14. f3 Nb6
15. Rc1 Re7 16. b3 Bf8 17. a4 a5 18. d6 Rh7 19. dxc7 Nd7 20. Rc2 b6 21. Nc4
Bb4+ 22. Kf1 f4 23. Nxb6 Nxb6 24. Bxb6 Bd6 25. Kf2 Bb7 26. Rd1 Be7 27. Rd8+
Bxd8 28. cxd8=Q+ Rxd8 29. Bxd8 1-0

[Event "II Festival ASDEC A"]
[Site "Messina ITA"]
[Date "2012.09.01"]
[Round "8"]
[White "Rota, Giacomo"]
[Black "Grasso, Gaetano"]
[WhiteElo "1983"]
[BlackElo "2032"]
[Result "1/2-1/2"]
[PlyCount "96"]
[EventDate "2012.08.27"]

1. d4 d5 2. c4 e6 3. Nc3 Nf6 4. Nf3 c6 5. e3 Nbd7 6. Bd3 Bd6 7. O-O O-O 8. e4
dxc4 9. Bxc4 b5 10. Bd3 b4 11. Ne2 e5 12. Bg5 h6 13. Bh4 Bb7 14. a3 bxa3 15.
bxa3 Re8 16. Qc2 exd4 17. Nexd4 Ne5 18. Bxf6 Qxf6 19. Rab1 Rab8 20. Nxe5 Bxe5
21. Nb3 Bc8 22. Nc5 Rb6 23. a4 Qd6 24. g3 Bh3 25. Rfd1 Bd4 26. Nb3 Reb8 27. Bf1
Bxf1 28. Kxf1 c5 29. Na5 Rxb1 30. Rxb1 Rxb1+ 31. Qxb1 Qa6+ 32. Qb5 Qe6 33. Qc6
Qg4 34. Qe8+ Kh7 35. Qxf7 Qxe4 36. Nc4 Qh1+ 37. Ke2 Qxh2 38. Qf5+ g6 39. Qf7+
Bg7 40. Qxa7 Qh5+ 41. Ke1 Qh1+ 42. Ke2 Qe4+ 43. Ne3 c4 44. a5 Qd3+ 45. Kf3 c3
46. Qc7 h5 47. Qc6 Kh6 48. a6 c2 1/2-1/2

[Event "II Festival ASDEC A"]
[Site "Messina ITA"]
[Date "2012.09.01"]
[Round "8"]
[White "Sileci, Salvatore"]
[Black "Buzzanca, Francesco"]
[WhiteElo "1751"]
[BlackElo "1687"]
[Result "1-0"]
[PlyCount "107"]
[EventDate "2012.08.27"]

1. d4 d5 2. c4 Nf6 3. Nc3 e6 4. Bg5 Be7 5. e3 h6 6. Bh4 O-O 7. Nf3 Nbd7 8. Rc1
c5 9. Bd3 cxd4 10. exd4 dxc4 11. Bxc4 Qa5 12. O-O Nb6 13. Bd3 Nbd5 14. Bb1 Nxc3
15. bxc3 Qh5 16. Qd3 g6 17. h3 Bd7 18. g4 Nxg4 19. hxg4 Qxg4+ 20. Bg3 Bd6 21.
Qe4 Qxe4 22. Bxe4 Bxg3 23. fxg3 Bc6 24. Bxc6 bxc6 25. Ne5 c5 26. Nd7 Rac8 27.
Nxf8 Kxf8 28. Rb1 cxd4 29. cxd4 Rc7 30. Rfc1 Rd7 31. Rc4 Kg7 32. Kf2 h5 33. Ke3
f5 34. Rcb4 Kf6 35. Rb7 Rd5 36. Rxa7 Kg5 37. Rb6 e5 38. dxe5 Rxe5+ 39. Kf2 Rd5
40. Raa6 f4 41. Rxg6+ Kf5 42. Raf6+ Ke5 43. gxf4+ Ke4 44. Rd6 Ra5 45. Ra6 Rc5
46. Ra4+ Kd3 47. Rg3+ Kd2 48. Re4 Kc2 49. Re2+ Kb1 50. Rg1+ Rc1 51. Rxc1+ Kxc1
52. a4 h4 53. a5 h3 54. Kg3 1-0